| 000 | 01426nam a22003251i 4500 | ||
|---|---|---|---|
| 005 | 20260412135945.0 | ||
| 008 | 260412s1994 ua a|||frm||| 00| 0 eng d | ||
| 040 |
_aEG-GICUC _beng _cEG-GICUC _dEG-GICUC _erda |
||
| 041 | 0 |
_aeng _beng _bara |
|
| 049 | _aDeposit | ||
| 097 | _aM.Sc | ||
| 099 | _aCai01.11.15.1994.M.Sc.Ha.F | ||
| 100 | 0 |
_aHassan Omar Ghareib Hassan. _epreparation. |
|
| 245 | 1 | 0 |
_aThe fate the ovaries preserved at the time of hysterectomy / _cBy Hassan Omar Ghareib Hassan ; Supervised By Prof. Dr. Mohamed Alaa El-Din Shafeek, Prof. Dr. Maher Mohamed Ahmed. |
| 246 | 1 | 5 | _aمآل المبيض المستبقى بعد عملية إستئصال الرحم |
| 264 | 0 | _c1994. | |
| 300 |
_a107 pages : _billustrations ; _c30 cm. + |
||
| 336 |
_2rda content _atext |
||
| 337 |
_2rdamedia _aUnmediated |
||
| 338 |
_2rdacarrier _avolume |
||
| 502 | _aThesis (M.Sc.)-Cairo University, 1994. | ||
| 504 | _aBibliography: pages 85-107 | ||
| 653 | 0 | _agynecology and obstetrics | |
| 653 | 0 | _ahysterectomy | |
| 700 | 0 |
_aProf. Dr. Mohamed Alaa El-Din Shafeek. _ethesis advisor. |
|
| 700 | 0 |
_aProf. Dr. Maher Mohamed Ahmed. _ethesis advisor. |
|
| 900 |
_DDepartment of gynecology and obstetrics _FFaculty of medicine _UCairo University _b1994 _cProf. Dr. Mohamed Alaa El-Din Shafeek. _cProf. Dr. Maher Mohamed Ahmed. _dProf. Dr. Mohamed Alaa El-Din Shafeek. |
||
| 905 | _aNermeen-A | ||
| 942 |
_2ddc _cTH _e21 _n0 |
||
| 999 | _c179429 | ||